000 00553nam a2200181Ia 4500
003 GCL
008 140319s9999 xx 000 0 eng d
040 _aGCL /
_cGCL
082 0 4 _aCC
_b706
_bM C
100 1 _aMINSTERE DE CULTURE ET DE L'ORIENTATION
245 1 0 _aCAMPAGNE INTERNATIONALE DE L'UNESCO POUR LA SAUVEGARDE DES MONUMENTS DE LA NUBIE /
_cMINSTERE DE CULTURE ET DE L'ORIENTATION
260 _a[S.N] :
_bORGANISME GENERAL ،
_c1963
300 _a125 P
650 0 4 _aNUBIA
650 0 4 _aEGYPTOLOGY
650 0 4 _aMONUMENTS
942 _2ddc
_cBK
999 _c19366
_d19366